[Event "FIDE World Rapid Team"]
[Site "Almaty KAZ"]
[Date "2024.08.03"]
[Round "6.35"]
[White "Tulekenova, Aiza"]
[Black "Samaganova, Aleksandra"]
[Result "0-1"]
[BlackTitle "WFM"]
[WhiteElo "1581"]
[BlackElo "1948"]
[WhiteTeam "VKO Team"]
[BlackTeam "Kyrgyz Chess Academy"]
[WhiteFideId "13763881"]
[BlackFideId "13800221"]
[EventDate "2024.08.02"]

1. e4 c5 2. Nf3 e6 3. d4 cxd4 4. Nxd4 a6 5. Nc3 b5 6. a3 Bb7 7. Be3 Qc7 8. g3
Nf6 9. Bg2 Nc6 10. O-O Be7 11. f4 d6 12. Qe2 O-O 13. Rad1 Rfd8 14. Nxc6 Bxc6 15.
g4 Qb7 16. Bc1 Rac8 17. f5 Nd7 18. Nd5 Bf8 19. g5 Re8 20. g6 fxg6 21. fxe6 Rxe6
22. Qg4 Rce8 23. Qf4 Nf6 24. Bh3 Rxe4 25. Nxf6+ gxf6 26. Qxf6 Qa7+ 27. Qf2 Qb7
28. Rde1 Bg7 29. Rxe4 Rxe4 30. Re1 Bd4 31. Be3 Qe7 32. Qe2 Rxe3 33. Qg4 Rxe1# 0-1

[Event "FIDE World Rapid Team"]
[Site "Almaty KAZ"]
[Date "2024.08.03"]
[Round "6.36"]
[White "Tynybekov, Bakyt"]
[Black "Niyazbek, Nurtileu"]
[Result "1-0"]
[WhiteElo "1795"]
[BlackElo "1578"]
[WhiteTeam "Kyrgyz Chess Academy"]
[BlackTeam "VKO Team"]
[WhiteFideId "13803360"]
[BlackFideId "13765337"]
[EventDate "2024.08.02"]

1. b3 d5 2. Bb2 Bf5 3. f4 e6 4. Nf3 Nf6 5. g3 c5 6. Bg2 Nc6 7. O-O Bd6 8. e3 Rc8
9. d3 b5 10. Nbd2 Qb6 11. Qe2 Nb4 12. e4 Nxc2 13. exf5 c4+ 14. Kh1 c3 15. Rab1
cxb2 16. fxe6 O-O 17. exf7+ Rxf7 18. Nc4 dxc4 19. Qxc2 Nd5 20. dxc4 Ne3 21. Qd3
Nxf1 22. Ng5 g6 23. Bd5 Ne3 24. Nxf7 Nxd5 25. Qxd5 Rc5 26. Qxd6 Kxf7 27. Qd7+
Kg8 28. Qe8+ Kg7 29. Qe7+ Kg8 30. Rxb2 Qc6+ 31. Kg1 Rf5 32. Rd2 Qc5+ 33. Qxc5
Rxc5 34. cxb5 Rc7 35. a4 Kg7 36. b4 Kf6 37. Rd6+ Kf5 38. b6 axb6 39. Rxb6 Kg4
40. Kf2 Rc2+ 41. Ke3 Rxh2 42. a5 Kxg3 43. a6 Ra2 44. b5 Ra3+ 45. Ke4 Ra4+ 46.
Ke5 Ra5 47. Rb7 h5 48. Kf6 h4 49. a7 h3 50. Rh7 h2 51. b6 Ra6 52. Kg5 Kg2 53.
Rxh2+ Kxh2 54. b7 Rxa7 55. b8=Q Ra3 56. Qb2+ Kh3 57. Qxa3+ Kg2 58. Kxg6 Kg1 59.
f5 Kf1 60. f6 Kg1 61. f7 Kh1 62. f8=Q 1-0

[Event "FIDE World Rapid Team"]
[Site "Almaty KAZ"]
[Date "2024.08.03"]
[Round "6.37"]
[White "Serikgali Daulet"]
[Black "Malyi, Viacheslav"]
[Result "1-0"]
[BlackTitle "FM"]
[WhiteElo "1571"]
[BlackElo "2391"]
[WhiteTeam "Abai's Gambit Pioneers"]
[BlackTeam "KRG-Team"]
[WhiteFideId "13780468"]
[BlackFideId "14123983"]
[EventDate "2024.08.02"]

1. e4 e5 2. Nf3 Nc6 3. Bc4 Bc5 4. b4 Bxb4 5. c3 Be7 6. d4 Na5 7. Nxe5 Nxc4 8.
Nxc4 d5 9. exd5 Qxd5 10. Ne3 Qd8 11. O-O Nf6 12. Ba3 O-O 13. Bxe7 Qxe7 14. Nd2
Ne4 15. Nxe4 Qxe4 16. Qc2 Qxc2 17. Nxc2 Be6 18. Ne3 Rfd8 19. Rfd1 c6 20. Rd2 b5
21. a4 a6 22. a5 Kf8 23. Rad1 Rac8 24. f3 c5 25. d5 Bd7 26. Kf2 Re8 27. d6 Re6
28. Nd5 Re5 29. Nc7 b4 30. c4 Rd8 31. Re1 Rxe1 32. Kxe1 Be6 33. Nxa6 Bxc4 34.
Nxc5 b3 35. a6 Ra8 36. d7 Ke7 37. Kd1 b2 38. Kc2 Rb8 39. Nb7 Bxa6 40. d8=Q+ Rxd8
41. Nxd8 Ke8 1-0

[Event "FIDE World Rapid Team"]
[Site "Almaty KAZ"]
[Date "2024.08.03"]
[Round "6.38"]
[White "Altynbekuly, Madiyar"]
[Black "Almazuly, Azamat"]
[Result "1-0"]
[WhiteElo "2114"]
[BlackElo "1720"]
[WhiteTeam "KRG-Team"]
[BlackTeam "Abai's Gambit Pioneers"]
[WhiteFideId "13736264"]
[BlackFideId "447002646"]
[EventDate "2024.08.02"]

1. d4 d5 2. Bf4 c5 3. e3 Nc6 4. Nf3 Qb6 5. Nc3 Nf6 6. Nb5 Kd7 7. Ne5+ Nxe5 8.
dxe5 a6 9. exf6 axb5 10. Qxd5+ Ke8 11. O-O-O Be6 12. Bc7 Bxd5 13. Bxb6 Bc6 14.
fxg7 Bxg7 15. a3 c4 16. c3 f5 17. Be2 Bf6 18. Bf3 Bxf3 19. gxf3 Ra6 20. Bc5 Rg8
21. Rhg1 Rg6 22. e4 Be5 23. exf5 Rxg1 24. Rxg1 Kf7 25. Be3 b4 26. cxb4 c3 27.
Kb1 cxb2 28. Ka2 Rc6 29. Rd1 Kf6 30. f4 Bc3 31. Rd5 Kf7 32. Rc5 Rxc5 33. Bxc5
Kf6 34. b5 Kxf5 35. Bxe7 Kxf4 36. a4 b6 37. Ba3 Be1 38. Kxb2 Bxf2 39. Bd6+ Ke4
40. Kb3 Kd5 41. Bg3 Bc5 42. Bc7 h5 43. h3 Bd4 44. Bd8 Bc5 45. a5 bxa5 46. Ka4
Kd6 47. Kxa5 Kd7 48. Bg5 Ke6 49. b6 Kd5 1-0

[Event "FIDE World Rapid Team"]
[Site "Almaty KAZ"]
[Date "2024.08.03"]
[Round "6.39"]
[White "Kalikhan, Abilmansur"]
[Black "Kozhabekov, Adilkhan"]
[Result "0-1"]
[WhiteElo "1670"]
[BlackElo "1855"]
[WhiteTeam "Abai's Gambit Pioneers"]
[BlackTeam "KRG-Team"]
[WhiteFideId "447010908"]
[BlackFideId "13702858"]
[EventDate "2024.08.02"]

1. f4 Nf6 2. Nf3 d5 3. e3 c5 4. Bb5+ Bd7 5. Bxd7+ Nbxd7 6. b3 e6 7. Bb2 Be7 8.
O-O O-O 9. d3 Qc7 10. Nbd2 Bd6 11. Qe2 Rae8 12. Rae1 e5 13. fxe5 Nxe5 14. Nxe5
Bxe5 15. Bxe5 Rxe5 16. Qf3 Qe7 17. e4 Re8 18. Rf2 dxe4 19. Nxe4 Nxe4 20. Rxe4
Rxe4 21. dxe4 f6 22. Re2 Qe5 23. Kf2 Qxh2 24. Qf5 Qd6 25. Re3 g6 26. Qf3 f5 27.
Rd3 Qe6 28. e5 Qxe5 29. Qd5+ Kf8 30. Qxe5 Rxe5 31. Kf3 Ke7 32. Rd2 b6 33. Kf4
Re4+ 34. Kg5 Rg4+ 35. Kh6 Rh4+ 36. Kg7 Rh2 37. c4 Ke6 38. Re2+ Kd6 39. Kf6 f4
40. Re6+ Kc7 41. Re7+ Kc6 42. Re6+ Kb7 43. Ke5 Rxg2 44. Re7+ Ka6 45. Kxf4 Rxa2
46. Rxh7 Rb2 47. Rh3 Ka5 48. Rh1 Kb4 49. Ra1 a5 50. Kg5 Rg2+ 51. Kf4 Kxb3 52.
Kf3 Rb2 53. Ke3 Kxc4 54. Rg1 a4 55. Rxg6 a3 56. Rg8 b5 57. Ra8 b4 58. Ke4 Rd2
59. Ke3 Rd7 60. Ke2 Kb3 0-1

[Event "FIDE World Rapid Team"]
[Site "Almaty KAZ"]
[Date "2024.08.03"]
[Round "6.40"]
[White "Savitskiy, Vladimir"]
[Black "Raipov, Alinur"]
[Result "1-0"]
[WhiteElo "1893"]
[BlackElo "1504"]
[WhiteTeam "KRG-Team"]
[BlackTeam "Abai's Gambit Pioneers"]
[WhiteFideId "13739999"]
[BlackFideId "13763814"]
[EventDate "2024.08.02"]

1. d4 Nf6 2. c4 g6 3. Nc3 Bg7 4. Nf3 O-O 5. Bg5 d6 6. e3 Nbd7 7. Be2 Re8 8. O-O
e5 9. Qc2 exd4 10. Nxd4 Nc5 11. Rfd1 Bd7 12. Bf3 Rb8 13. Bh4 Ne6 14. b4 h6 15.
Nb3 Bc6 16. Nd5 g5 17. Bg3 Nxd5 18. cxd5 Bxa1 19. Nxa1 Bd7 20. dxe6 Bxe6 21. Nb3
Qd7 22. Nd4 Bg4 23. Bxg4 Qxg4 24. Rc1 h5 25. h3 Qd7 26. Qxc7 Qa4 27. Qxd6 Rbd8
28. Qf6 Rd5 29. Nf5 Qd7 30. Qg7# 1-0

[Event "FIDE World Rapid Team"]
[Site "Almaty KAZ"]
[Date "2024.08.03"]
[Round "6.41"]
[White "Kiribayeva, Togzhan"]
[Black "Magzumov, Damirali"]
[Result "1-0"]
[WhiteElo "1544"]
[BlackElo "1756"]
[WhiteTeam "Abai's Gambit Pioneers"]
[BlackTeam "KRG-Team"]
[WhiteFideId "13739263"]
[BlackFideId "13727117"]
[EventDate "2024.08.02"]

1. e4 c5 2. Nc3 g6 3. Nge2 Bg7 4. g3 d6 5. Bg2 Nf6 6. O-O O-O 7. d3 Nc6 8. h3
Rb8 9. Be3 Qc7 10. Qd2 b5 11. f4 b4 12. Nd1 Nd7 13. f5 Nde5 14. g4 Re8 15. g5
Nd4 16. f6 exf6 17. gxf6 Nxe2+ 18. Qxe2 Bh8 19. Bg5 Bb7 20. Ne3 Rbd8 21. Qf2 Nd7
22. Ng4 Ne5 23. Qh4 d5 24. Bf4 dxe4 25. Nxe5 Rxe5 26. Bxe5 Qxe5 27. dxe4 Rd6 28.
Qf4 Bxf6 29. Qxe5 Bxe5 30. Rad1 Bd4+ 31. Kh1 Ra6 32. c3 bxc3 33. bxc3 Bf6 34.
Rb1 Bc6 35. Rxf6 1-0

[Event "FIDE World Rapid Team"]
[Site "Almaty KAZ"]
[Date "2024.08.03"]
[Round "6.42"]
[White "Zharkenova, Safiya"]
[Black "Amangaliyev, Dauletkhan"]
[Result "1-0"]
[WhiteElo "1424"]
[BlackElo "1531"]
[WhiteTeam "KRG-Team"]
[BlackTeam "Abai's Gambit Pioneers"]
[WhiteFideId "13748890"]
[BlackFideId "447022361"]
[EventDate "2024.08.02"]

1. d4 d6 2. e4 Nf6 3. Nc3 g6 4. Bd3 Bg7 5. Nf3 O-O 6. O-O c5 7. dxc5 dxc5 8. Be3
Nfd7 9. Qd2 Re8 10. Bh6 Bh8 11. Rab1 Nc6 12. Be3 Nd4 13. Be2 Nxf3+ 14. Bxf3 e6
15. Rfd1 Qe7 16. Nb5 Ne5 17. Qe2 a6 18. Nd6 Nxf3+ 19. Qxf3 Rd8 20. Bxc5 Be5 21.
Nxf7 Rxd1+ 22. Rxd1 Qxf7 23. Rd8+ Kg7 24. Bf8+ 1-0

[Event "FIDE World Rapid Team"]
[Site "Almaty KAZ"]
[Date "2024.08.03"]
[Round "6.43"]
[White "Dosov, Nurlan"]
[Black "von Gleich, Alexander"]
[Result "0-1"]
[WhiteTitle "FM"]
[BlackTitle "FM"]
[WhiteElo "2153"]
[BlackElo "2214"]
[WhiteTeam "Baiterekchess"]
[BlackTeam "Chess Dream"]
[WhiteFideId "13701320"]
[BlackFideId "4603869"]
[EventDate "2024.08.02"]

1. d4 d5 2. Nf3 Nf6 3. c4 e6 4. g3 Be7 5. Bg2 O-O 6. O-O c6 7. Qc2 b6 8. Nbd2
Bb7 9. e4 Na6 10. b3 c5 11. cxd5 exd5 12. e5 Ne4 13. Bb2 Nb4 14. Qb1 Nxd2 15.
Nxd2 Ba6 16. a3 Bd3 17. Qd1 Nc2 18. Rc1 Bxf1 19. Bxf1 Nxd4 20. b4 Ne6 21. f4
cxb4 22. axb4 Bxb4 23. f5 Qg5 24. Nf3 Qxf5 25. Bd3 Qg4 26. Kh1 Rac8 27. Be2 Rxc1
28. Bxc1 Rc8 29. Kg2 Qe4 30. Bb2 Rc2 31. Bc1 0-1

[Event "FIDE World Rapid Team"]
[Site "Almaty KAZ"]
[Date "2024.08.03"]
[Round "6.44"]
[White "Bulatov, Ramil"]
[Black "Tulegenov, Amir"]
[Result "1/2-1/2"]
[WhiteElo "2137"]
[BlackElo "1858"]
[WhiteTeam "Chess Dream"]
[BlackTeam "Baiterekchess"]
[WhiteFideId "4166140"]
[BlackFideId "13742167"]
[EventDate "2024.08.02"]

1. d4 Nf6 2. Nf3 g6 3. Bg5 Bg7 4. Nbd2 d5 5. c3 O-O 6. e3 c5 7. dxc5 Nbd7 8. Nb3
Qc7 9. Bb5 Nxc5 10. Bxf6 Bxf6 11. Qxd5 Nxb3 12. Qxb3 Be6 13. Qc2 Qc5 14. Be2 b5
15. Nd4 Bd7 16. O-O b4 17. cxb4 Qxb4 18. a3 Qb6 19. Rac1 e5 20. Nf3 Rac8 21. Qd2
Bf5 22. b4 Rcd8 23. Qa2 a5 24. b5 e4 25. Nd2 Be6 26. Qc2 Rc8 27. Qxe4 Rxc1 28.
Rxc1 Qd6 29. Nc4 Bxc4 30. Qxc4 Qxa3 31. b6 Qb2 32. h4 Qxb6 33. h5 Qb2 34. Rc2
Qb1+ 35. Kh2 a4 36. Qxa4 Qb8+ 37. g3 Qe5 38. Kg2 gxh5 39. Rc4 Kh8 40. Re4 Qg5
41. Rf4 h4 42. Rxh4 Qg7 43. Rh5 Qg6 44. Qb5 Rd8 45. Bf3 Rd2 46. Qb4 Rd8 47. Rh1
Re8 48. Bh5 Qg7 49. Qc4 Rf8 50. Bf3 h6 51. Bd5 Qg6 52. Rc1 Kg7 53. Rc2 Re8 54.
Ra2 h5 55. Ra7 Re7 56. Ra8 Qf5 57. Bf3 Bg5 58. Qa4 Bf6 59. Qc4 Bg5 60. Qb4 Qe5
61. Bxh5 Bxe3 62. fxe3 Qxh5 63. Qxe7 Qd5+ 64. e4 Qxa8 65. Qg5+ Kf8 66. Qc5+ Kg7
67. Qc3+ Kg8 68. Kf3 Qa6 69. Qe3 Qf1+ 70. Kg4 Qd1+ 71. Qf3 Qd4 72. Qf5 Qd1+ 73.
Kh3 Qh1+ 74. Kg4 Qd1+ 75. Kg5 Qd2+ 76. Qf4 Qd4 77. e5 Qd5 78. g4 Qd8+ 79. Kf5
Qd3+ 80. Qe4 Qf1+ 81. Kg5 Qf2 82. e6 Qd2+ 83. Kf6 Qh6+ 84. Ke7 Qg5+ 85. Kd6 Qd8+
86. Ke5 Qe7 87. Qf5 Qxe6+ 88. Qxe6 fxe6 89. Kxe6 Kg7 90. Kf5 Kf7 91. Ke4 1/2-1/2

[Event "FIDE World Rapid Team"]
[Site "Almaty KAZ"]
[Date "2024.08.03"]
[Round "6.45"]
[White "Primbetov, Nurassyl"]
[Black "Lysakov, Anton"]
[Result "1/2-1/2"]
[WhiteElo "1784"]
[BlackElo "1947"]
[WhiteTeam "Baiterekchess"]
[BlackTeam "Chess Dream"]
[WhiteFideId "447010193"]
[BlackFideId "4193750"]
[EventDate "2024.08.02"]

1. e4 e6 2. d4 d5 3. Nc3 Bb4 4. e5 c5 5. a3 Bxc3+ 6. bxc3 Ne7 7. Qg4 Qc7 8. Bd3
c4 9. Be2 Nf5 10. Nf3 Bd7 11. Qf4 Ba4 12. Bd1 Nc6 13. Nh4 Nxh4 14. Qxh4 Ne7 15.
Rb1 O-O-O 16. Qf4 Ng6 17. Qg3 Rde8 18. O-O h5 19. h4 Qe7 20. Rb4 b5 21. Bg5 f6
22. Be3 Nf8 23. Bc1 f5 24. Qh3 g6 25. Bg5 Qf7 26. Bd2 Nh7 27. f4 Qe7 28. Bc1 a5
29. Rb1 Nf8 30. g3 Nd7 1/2-1/2

[Event "FIDE World Rapid Team"]
[Site "Almaty KAZ"]
[Date "2024.08.03"]
[Round "6.46"]
[White "Kaipbayev, Aday"]
[Black "Omarbek, Adlet"]
[Result "1-0"]
[WhiteElo "1711"]
[BlackElo "1713"]
[WhiteTeam "Chess Dream"]
[BlackTeam "Baiterekchess"]
[WhiteFideId "379104995"]
[BlackFideId "13779842"]
[EventDate "2024.08.02"]

1. c4 Nf6 2. b3 g6 3. Bb2 Bg7 4. d3 b6 5. Nd2 Bb7 6. Ngf3 O-O 7. e3 e6 8. Be2 d5
9. cxd5 exd5 10. O-O c5 11. Rc1 Nbd7 12. a3 Rc8 13. Qc2 Re8 14. Rfe1 Nf8 15. Qb1
Qd6 16. h3 Nh5 17. Bxg7 Nxg7 18. d4 cxd4 19. Nxd4 Qxa3 20. Nb5 Rxc1 21. Rxc1 Qb4
22. Nf3 a6 23. Rc7 Bc8 24. Nbd4 Nge6 25. Ra7 a5 26. Bb5 Rd8 27. Qc2 Bd7 28. Bxd7
Rxd7 29. Rxd7 Nxd7 30. Nxe6 fxe6 31. Qc8+ Nf8 32. Qe8 Qxb3 33. Ng5 Qb1+ 34. Kh2
Qf5 35. Nf3 Qc2 36. Ne5 Qxf2 37. Ng4 Qf1 38. Qe7 Nd7 39. Qxd7 Kf8 40. Qd8+ Kg7
41. Qxb6 h5 42. Qb2+ Kh7 43. Qb7+ Kh8 44. Ne5 Qf6 45. Nf3 g5 46. Qa8+ Kg7 47.
Qxa5 g4 48. hxg4 hxg4 49. Nd4 Qe5+ 50. Kh1 Qxe3 51. Qc7+ Kg6 52. Qc2+ Kf6 53.
Ne2 Qh6+ 54. Kg1 Qe3+ 55. Kh1 Qh6+ 56. Kg1 Qe3+ 57. Kf1 d4 58. Qc1 Qxc1+ 59.
Nxc1 e5 60. Ke2 e4 61. g3 Ke5 62. Nb3 Kd5 63. Na5 Kc5 64. Nb7+ Kc6 65. Nd8+ Kd5
66. Nf7 Kc4 67. Ne5+ Kc3 68. Nxg4 Kc2 69. Ne3+ dxe3 70. Kxe3 Kc3 71. Kxe4 Kc4
72. Kf5 Kd5 73. g4 Kd6 74. Kf6 Kd7 75. Kf7 Kd6 76. g5 Ke5 77. g6 Kf5 78. g7 Ke5
79. g8=Q Kf5 80. Qe8 Kg5 81. Qe4 Kh5 82. Kf6 Kh6 83. Qh4# 1-0

[Event "FIDE World Rapid Team"]
[Site "Almaty KAZ"]
[Date "2024.08.03"]
[Round "6.47"]
[White "Shakhman, Asanali"]
[Black "Minnekhanov, Eldar"]
[Result "0-1"]
[WhiteElo "1537"]
[BlackElo "1750"]
[WhiteTeam "Baiterekchess"]
[BlackTeam "Chess Dream"]
[WhiteFideId "447018860"]
[BlackFideId "13705660"]
[EventDate "2024.08.02"]

1. e4 d6 2. d4 Nf6 3. Nc3 c6 4. Nf3 Qa5 5. Bd3 e5 6. dxe5 dxe5 7. O-O Be7 8. Bd2
Qc7 9. Qe2 O-O 10. h3 Nbd7 11. Rad1 b5 12. Rb1 b4 13. Nd1 a5 14. Ne3 Nc5 15. Nc4
Nfd7 16. Nh2 Ne6 17. Ng4 Nd4 18. Qd1 c5 19. f4 exf4 20. Bxf4 Qd8 21. Nd6 Ba6 22.
Bxa6 Rxa6 23. Nf5 Nxf5 24. exf5 Nf6 25. Qxd8 Rxd8 26. Rfe1 Nd5 27. Rbd1 Kf8 28.
Bg3 f6 29. Ne3 Nxe3 30. Rxd8+ Bxd8 31. Rxe3 c4 32. Re4 Rc6 33. Kf2 c3 34. b3 Bc7
35. Bxc7 Rxc7 36. Rd4 Ke7 37. Rd5 Rd7 38. Rxd7+ Kxd7 39. Ke3 Kc6 40. Kd4 g6 41.
g4 gxf5 42. gxf5 Kd6 43. Ke4 Kc5 44. Kf3 Kd4 45. Kf4 h6 46. Kg4 Ke3 47. Kh5 Kd2
48. Kg6 Kxc2 49. Kxf6 Kd3 50. Kg7 c2 51. f6 c1=Q 52. f7 Qg5+ 53. Kf8 Kc2 54. Ke8
Qg6 55. Ke7 Qg7 56. Ke8 Qe5+ 57. Kd7 Qf6 58. Ke8 Qe6+ 59. Kf8 Kb2 60. Kg8 Kxa2 0-1

[Event "FIDE World Rapid Team"]
[Site "Almaty KAZ"]
[Date "2024.08.03"]
[Round "6.48"]
[White "Bozhgulova, Zaynabkhan"]
[Black "Zhankarayeva, Zhansaya"]
[Result "1-0"]
[WhiteElo "1605"]
[BlackElo "1402"]
[WhiteTeam "Chess Dream"]
[BlackTeam "Baiterekchess"]
[WhiteFideId "13727443"]
[BlackFideId "13781804"]
[EventDate "2024.08.02"]

1. b3 c5 2. Bb2 e6 3. e3 Nf6 4. Nf3 Nc6 5. Be2 a6 6. c4 Be7 7. O-O O-O 8. d4
cxd4 9. exd4 d5 10. Nbd2 b6 11. Rc1 Bb7 12. Re1 Rc8 13. Ne5 Nxe5 14. dxe5 Nd7
15. Bf3 Nc5 16. Qe2 Bg5 17. Rcd1 Qe7 18. Ba3 Qc7 19. cxd5 Bxd5 20. Bxd5 exd5 21.
Nf3 Be7 22. Rxd5 Rfd8 23. Rxd8+ Rxd8 24. Bxc5 Bxc5 25. Qxa6 Bb4 26. Rf1 Qc6 27.
Qe2 Re8 28. Qb2 Bc3 29. Rc1 Bxb2 30. Rxc6 h6 31. Rxb6 Bxe5 32. Nxe5 Rxe5 33. Kf1
Kf8 34. Rb7 Rc5 35. a4 Ra5 36. Ke2 Rd5 37. b4 Ke8 38. a5 Rd4 39. b5 Ra4 40. a6
Ra2+ 41. Ke3 Ra5 42. a7 Ra3+ 43. Kd4 Kd8 44. Rb8+ Kc7 45. a8=Q Rxa8 46. Rxa8 Kb6
47. Kc4 Kb7 48. Rf8 f6 49. Kc5 Kc7 50. Rf7+ Kb8 51. Kc6 g5 52. b6 h5 53. Rf8# 1-0

[Event "FIDE World Rapid Team"]
[Site "Almaty KAZ"]
[Date "2024.08.03"]
[Round "7.1"]
[White "Sychev, Klementy"]
[Black "Nepomniachtchi, Ian"]
[Result "0-1"]
[WhiteTitle "GM"]
[BlackTitle "GM"]
[WhiteElo "2531"]
[BlackElo "2767"]
[WhiteTeam "World Champions Higher School"]
[BlackTeam "WR Chess Team"]
[WhiteFideId "4114060"]
[BlackFideId "4168119"]
[EventDate "2024.08.02"]

1. e4 c5 2. Nf3 d6 3. d4 cxd4 4. Nxd4 Nf6 5. Nc3 a6 6. Bg5 e6 7. f4 h6 8. Bh4
Nbd7 9. Qe2 e5 10. Nf3 exf4 11. O-O-O Qc7 12. g3 g5 13. gxf4 gxh4 14. e5 dxe5
15. fxe5 Be7 16. Qe1 Nxe5 17. Nxe5 Be6 18. Ng6 Rg8 19. Nxe7 Qf4+ 20. Kb1 Kxe7
21. Bd3 Rg5 22. Rf1 Qxh2 23. Ne2 Rd8 24. Nf4 Nd5 25. Nxe6 fxe6 26. Qe4 Qe5 27.
Qxh4 Qg7 28. Qf2 Rd6 29. Qa7 Rb6 30. b3 Nc3+ 31. Kc1 Nxa2+ 32. Kb1 Nc3+ 33. Kc1
Nd5 34. Kb1 Rg2 35. Qb8 Rxb3+ 0-1

[Event "FIDE World Rapid Team"]
[Site "Almaty KAZ"]
[Date "2024.08.03"]
[Round "7.3"]
[White "Faizrakhmanov, Ramil"]
[Black "Praggnanandhaa, R"]
[Result "0-1"]
[WhiteTitle "IM"]
[BlackTitle "GM"]
[WhiteElo "2424"]
[BlackElo "2749"]
[WhiteTeam "World Champions Higher School"]
[BlackTeam "WR Chess Team"]
[WhiteFideId "24103209"]
[BlackFideId "25059530"]
[EventDate "2024.08.02"]

1. e4 e5 2. Nf3 Nc6 3. Bc4 Bc5 4. c3 Nf6 5. d3 a6 6. a4 Ba7 7. O-O d6 8. Re1 O-O
9. h3 Nh5 10. d4 Qf6 11. Be3 Nf4 12. Kh2 g5 13. Qd2 Kh8 14. Na3 Rg8 15. dxe5
dxe5 16. Ng1 g4 17. g3 Bxe3 18. fxe3 Nxh3 19. Nxh3 Qh6 20. Qg2 gxh3 21. Qf2 Be6
22. Rf1 Rg6 23. Bxe6 fxe6 24. Qe2 Rxg3 25. Kxg3 Rg8+ 26. Kh2 Rg2+ 27. Qxg2 hxg2+
28. Kxg2 Qxe3 29. Rf8+ Kg7 30. Raf1 Qxe4+ 31. R1f3 Qg6+ 32. Kh1 Ne7 33. Rf2 Qh5+
34. Kg1 Qg4+ 35. Kh1 Qh3+ 36. Kg1 Qg3+ 37. Kf1 Qd3+ 38. Kg1 Nf5 39. Rc8 e4 40.
Rxc7+ Kf6 41. Rxh7 e3 0-1

[Event "FIDE World Rapid Team"]
[Site "Almaty KAZ"]
[Date "2024.08.03"]
[Round "7.5"]
[White "Serikbay, Assel"]
[Black "Kosteniuk, Alexandra"]
[Result "0-1"]
[WhiteTitle "WIM"]
[BlackTitle "GM"]
[WhiteElo "2237"]
[BlackElo "2488"]
[WhiteTeam "World Champions Higher School"]
[BlackTeam "WR Chess Team"]
[WhiteFideId "13706799"]
[BlackFideId "4128125"]
[EventDate "2024.08.02"]

1. d4 Nf6 2. c4 e6 3. Nf3 d5 4. Nc3 Bb4 5. Bg5 h6 6. Bxf6 Qxf6 7. e3 O-O 8. Bd3
dxc4 9. Bxc4 b6 10. a3 Bxc3+ 11. bxc3 Bb7 12. Qe2 Nd7 13. O-O c5 14. e4 Qf4 15.
Rfe1 cxd4 16. cxd4 Rac8 17. Bd3 Rc3 18. a4 Rd8 19. a5 Nf6 20. axb6 axb6 21. Ra7
Qb8 22. Ra2 Qc7 23. Rb2 Rc1 24. g3 Rxe1+ 25. Qxe1 Bxe4 26. Bxe4 Nxe4 27. Qb4 Rb8
28. Ne5 b5 29. Kg2 Qb7 30. f3 Nf6 31. Qd6 Rc8 32. Nd3 Rc3 33. Ne5 g6 34. Qd8+
Kg7 35. Qa5 Nd5 36. Rxb5 Qc7 37. Qxc7 Rxc7 38. f4 g5 39. fxg5 hxg5 40. h4 gxh4
41. gxh4 Ne3+ 42. Kh3 f6 43. Nf3 Rc3 44. Rb7+ Kg6 45. Kg3 Kf5 46. Rb5+ Nd5 47.
Kg2 Kf4 48. Ne1 Re3 49. Kf2 Rh3 50. Ng2+ Ke4 51. Rb1 Rf3+ 52. Kg1 Kxd4 53. Re1
e5 54. Kh2 e4 55. Rd1+ Ke5 56. Re1 f5 57. h5 Nf6 58. Nh4 Ng4+ 59. Kg2 Ra3 60.
Ng6+ Kf6 61. Nf4 Kg5 62. Ne6+ Kxh5 63. Rh1+ Kg6 64. Nf4+ Kg5 65. Ne6+ Kf6 66.
Nf4 Rf3 67. Nh5+ Kg5 68. Ng7 Ne3+ 69. Kh2 Rf1 70. Rxf1 Nxf1+ 71. Kg2 Ne3+ 72.
Kf2 Ng4+ 73. Ke2 f4 74. Ne6+ Kf5 75. Nd4+ Ke5 76. Nc6+ Kd5 77. Ne7+ Ke6 78. Ng6
f3+ 79. Kf1 Kf5 80. Ne7+ Kf4 81. Nd5+ 0-1

[Event "FIDE World Rapid Team"]
[Site "Almaty KAZ"]
[Date "2024.08.03"]
[Round "7.7"]
[White "Ding, Liren"]
[Black "Nihal, Sarin"]
[Result "1/2-1/2"]
[WhiteTitle "GM"]
[BlackTitle "GM"]
[WhiteElo "2745"]
[BlackElo "2668"]
[WhiteTeam "Decade China Team"]
[BlackTeam "Ashdod Chess Club"]
[WhiteFideId "8603677"]
[BlackFideId "25092340"]
[EventDate "2024.08.02"]

1. d4 Nf6 2. c4 e6 3. g3 d5 4. Bg2 Bb4+ 5. Bd2 Be7 6. Nf3 O-O 7. O-O c6 8. Qc2
Nbd7 9. Bf4 b6 10. cxd5 cxd5 11. Rc1 Bb7 12. Bc7 Qe8 13. Qb3 Rc8 14. Na3 Ne4 15.
Nb5 Ndc5 16. dxc5 bxc5 17. Bf4 c4 18. Qa4 Bc5 19. Be3 Bc6 20. Bxc5 Bxb5 21. Qxa7
Nxc5 22. b3 Qd7 23. Qxd7 Nxd7 24. Nd4 cxb3 25. Rxc8 Rxc8 26. axb3 Bc6 27. Rc1
Bb7 28. Rxc8+ Bxc8 29. e4 dxe4 30. Bxe4 Nf6 31. f3 Kf8 32. Kf2 Ke7 33. Ke3 1/2-1/2

[Event "FIDE World Rapid Team"]
[Site "Almaty KAZ"]
[Date "2024.08.03"]
[Round "7.9"]
[White "Yu, Yangyi"]
[Black "Volokitin, Andrei"]
[Result "1/2-1/2"]
[WhiteTitle "GM"]
[BlackTitle "GM"]
[WhiteElo "2703"]
[BlackElo "2667"]
[WhiteTeam "Decade China Team"]
[BlackTeam "Ashdod Chess Club"]
[WhiteFideId "8603820"]
[BlackFideId "14107090"]
[EventDate "2024.08.02"]

1. e4 c5 2. Nf3 d6 3. d4 cxd4 4. Nxd4 Nf6 5. Nc3 a6 6. g3 e5 7. Nb3 Be7 8. Bg2
O-O 9. O-O Be6 10. a4 Nbd7 11. Re1 Qb8 12. Nd2 Bd8 13. Nf1 Ba5 14. Bd2 b5 15.
axb5 axb5 16. Ne3 Bxc3 17. Rxa8 Qxa8 18. Bxc3 Nxe4 19. Bb4 Rd8 20. f3 Qa4 21.
Bxd6 Ndf6 22. fxe4 Qa6 23. Nf5 Bxf5 24. exf5 Rxd6 25. Qe2 Qb6+ 26. Qe3 Qxe3+ 27.
Rxe3 Rd1+ 28. Bf1 e4 29. h3 h5 30. g4 hxg4 31. hxg4 Nxg4 32. Rxe4 Nh2 33. Kxh2
Rxf1 34. Re5 b4 35. Kg3 Rc1 36. Re2 g6 37. fxg6 fxg6 38. Kf4 Kg7 39. Ke4 Rf1 40.
Kd5 g5 41. Kc5 Rf4 42. c4 1/2-1/2

[Event "FIDE World Rapid Team"]
[Site "Almaty KAZ"]
[Date "2024.08.03"]
[Round "7.10"]
[White "Alekseev, Evgeny"]
[Black "Xu, Xiangyu"]
[Result "1/2-1/2"]
[WhiteTitle "GM"]
[BlackTitle "GM"]
[WhiteElo "2537"]
[BlackElo "2628"]
[WhiteTeam "Ashdod Chess Club"]
[BlackTeam "Decade China Team"]
[WhiteFideId "4138147"]
[BlackFideId "8608288"]
[EventDate "2024.08.02"]

1. e4 c5 2. Nf3 d6 3. Bb5+ Bd7 4. c4 Nc6 5. d4 cxd4 6. Nxd4 Nf6 7. Nc3 g6 8. h3
Nxd4 9. Qxd4 Bg7 10. Bxd7+ Qxd7 11. Bd2 O-O 12. Qd3 Qe6 13. Rc1 Nxe4 14. Nxe4 f5
15. O-O fxe4 16. Rce1 exd3 17. Rxe6 Kf7 18. Re3 Bxb2 19. Rb1 Bf6 20. Rxb7 Rfb8
21. Rb3 Rc8 22. Re4 Rab8 23. Rxd3 Rb1+ 24. Kh2 Rb2 25. a3 Rc2 26. Be3 a6 27. c5
dxc5 28. g4 g5 29. h4 h6 30. hxg5 hxg5 31. Rd5 c4 32. Kg2 c3 33. Rc5 Rxc5 34.
Bxc5 Rb2 35. Be3 Rb3 36. Bc1 Ke8 37. Kf3 Rb1 38. Be3 Re1 39. Rc4 Kd7 40. Ke4 Rd1
41. a4 e6 42. Kf3 Re1 43. Ke4 Rd1 44. Kf3 Rd6 45. Ke4 Rd5 46. Kf3 Rd6 47. Ke4
Ke8 48. Rc5 Rd1 49. Rc4 Kd8 50. Bb6+ Kd7 51. Be3 Rd6 52. Rc5 Rd1 53. Rc4 1/2-1/2